000 00289nam a22001337a 4500
008 170622b xxu||||| |||| 00| 0 eng d
020 _a9780965008730
041 _aeng
080 _a32
100 _a20
101 _aSHP
245 _aTHE CULTURAL CREATIVES
_cRAY, P.H
942 _2udc
_cBK
999 _c18734
_d18734